Introductory economics (Record no. 3251)
[ view plain ]
| 000 -LEADER | |
|---|---|
| fixed length control field | 00274nam a22001337a 4500 |
| 020 ## - INTERNATIONAL STANDARD BOOK NUMBER | |
| International Standard Book Number | 0582246148 |
| 082 ## - DEWEY DECIMAL CLASSIFICATION NUMBER | |
| Classification number | 330 |
| 100 ## - MAIN ENTRY--PERSONAL NAME | |
| Personal name | G.F Stanlake and S J Grant |
| 245 ## - TITLE STATEMENT | |
| Title | Introductory economics |
| 250 ## - EDITION STATEMENT | |
| Edition statement | 6th ed |
| 260 ## - PUBLICATION, DISTRIBUTION, ETC. | |
| Name of publisher, distributor, etc. | longman |
| 300 ## - PHYSICAL DESCRIPTION | |
| Extent | 553p |
| 942 ## - ADDED ENTRY ELEMENTS (KOHA) | |
| Koha item type | Book |
| Withdrawn status | Lost status | Damaged status | Not for loan | Collection code | Permanent Location | Current Location | Shelving location | Date acquired | Total Checkouts | Full call number | Barcode | Checked out | Date last seen | Date last checked out | Price effective from | Koha item type | Source of classification or shelving scheme |
|---|---|---|---|---|---|---|---|---|---|---|---|---|---|---|---|---|---|
| Central Library (CL) | Central Library (CL) | General Stacks | 05/30/2016 | 1 | 330 STA | S3H-P-158 | 09/30/2019 | 09/15/2019 | 09/15/2019 | 05/30/2016 | Book | ||||||
| Central Library (CL) | Central Library (CL) | General Stacks | 05/30/2016 | 4 | 330 STA | S3H-P-157 | 09/29/2020 | 09/29/2020 | 05/30/2016 | Book | |||||||
| Central Library (CL) | Central Library (CL) | General Stacks | 05/30/2016 | 4 | 330 STA | S3H-P-160 | 09/29/2020 | 09/29/2020 | 05/30/2016 | Book | |||||||
| Central Library (CL) | Central Library (CL) | General Stacks | 05/30/2016 | 2 | 330 STA | S3H-P-159 | 11/15/2019 | 11/08/2019 | 05/30/2016 | Book | |||||||
| Central Library (CL) | Central Library (CL) | 11/18/2019 | 330 STA | S3H-P-156 | 11/18/2019 | 11/18/2019 | Book |
